ბათუმის შოთა რუსთაველის სახელმწიფო უნივერსიტეტის ბიბლიოთეკა

სუბტროპიკულ მცენარეთა ჯიშთმცოდნეობა : (ბიბ.ჩანაწერი № 50798)

000 -ლიდერი
ფიქსირებული სიგრძის საკონტროლო ველი 01127nam a2200229Ia 4500
001 - საკონტროლო ნომერი
საკონტროლო ველი 17750
003 - საკონტროლო ნომრის იდენტიფიკატორი
საკონტროლო ველი GE_BSU
005 - ბოლო ოპერაციის თარიღი და დრო
საკონტროლო ველი 20250616105401.0
008 - ფიქსირებული სიგრძის მონაცემთა ელემენტები - ზოგადი ინფორმაცია
ფიქსირებული სიგრძის საკონტროლო ველი 181216s2015||||ge |||||||||||||| ||geo||
020 ## - წიგნის საერთაშორისო სტანდარტული ნომერი
International Standard Book Number 9789941453045
040 ## - კატალოგიზაციის წყარო
Transcribing agency GE_BSU
041 ## - ენის კოდი
Language code of text/sound track or separate title geo
080 ## - უნივერსალური ათობითი კლასიფიკაციის ინდექსი
Universal Decimal Classification number 634.6(075) ჯ-60
100 ## - მთავარი ჩანაწერი - პიროვნების სახელი
Personal name ჯობავა, ტრისტან
9 (RLIN) 11837
245 ## - ცნობა სათაურის შესახებ
Title სუბტროპიკულ მცენარეთა ჯიშთმცოდნეობა :
Remainder of title დამხმ. სახელმძღვანელო /
Statement of responsibility, etc ტრისტან ჯობავა; რედაქტორი როზა ლორთქიფანიძე.
264 ## - წარმოების, გამოცემის, დისტრიბუციის და სხვა ცნობები
გამოცემის, წარმოების, დისტრიბუციის... ადგილი ქუთაისი :
გამოცემის, წარმოების, დისტრიბუციის... სახელწოდება აკაკი წერეთლის სახელმწ. უნ-ტის გამ-ბა,
გამოცემის, წარმოების, დისტრიბუციის... თარიღი 2015.
300 ## - ფიზიკური აღწერა
Extent 140 გვ. :
Other physical details ილ.;
Dimensions 21 სმ.
504 ## - BIBLIOGRAPHY, ETC. NOTE
Bibliography, etc ბიბლ.გვ.139-141
653 ## - INDEX TERM--UNCONTROLLED
Uncontrolled term სუბტროპიკული მცენარეების ჯიშები
700 ## - ADDED ENTRY--PERSONAL NAME
Personal name ლორთქიფანიძე, როზა
Relator term რედაქტორი
9 (RLIN) 2506
942 ## - ADDED ENTRY ELEMENTS (KOHA)
Koha item type წიგნი
Source of classification or shelving scheme
ეგზემპლარები
ჩამოწერის სტატუსი დაკარგული ეგზემპლარის სტატუსი კლასიფიკაციის წყარო ან თაროზე გაწყობის სქემა დაზიანების სტატუსი არ გაიცემა მუდმივი მდებარეობა (დაცვის ადგილი) ამჟამინდელი ადგილსამყოფელი შეძენის თარიღი სრული შენახვის შიფრი შტრიხკოდი ბოლო ოპერაციის თარიღი ეგზემპლარის მიმდევრობითი ნომერი (კეტერი?) ფასის ძალაში შესვლის თარიღი ეგზემპლარის სახეობა
          აგრარული და მემბრანული ტექნოლოგიების ინსტიტუტის ბიბლიოთეკა აგრარული და მემბრანული ტექნოლოგიების ინსტიტუტის ბიბლიოთეკა 2018-12-17 634.6(075) ჯ-60 41604 2018-12-17 41604 2018-12-17 წიგნი